Top 20 biggest cities in South East England - Statistics

General Stats
  • This quiz has been taken 75 times
  • The average score is 13 of 20
Answer Stats
Answer Population % Correct
Brighton and Hove 232,503
98%
Southampton 266,934
85%
Portsmouth 241,623
82%
Reading 242,572
80%
Eastbourne 113,127
79%
Crawley 116,880
77%
Hastings 92,048
75%
Maidstone 121,723
72%
Worthing 116,192
69%
Gillingham 107,897
62%
Oxford 172,264
62%
Slough 175,100
59%
Woking 111,766
56%
Basingstoke 118,807
54%
Milton Keynes 192,943
54%
Guildford 81,595
52%
High Wycombe 127,856
46%
Aylesbury 87,135
41%
Bracknell 86,673
31%
Eastleigh 83,513
28%
No matching quizzes found
Score Distribution
Percent of People with Each Score
Percentile by Number Answered
Your Score History
You have not taken this quiz